[Event "39th IND-chT 2019"]
[Site "Kolkata"]
[Date "2019.02.09"]
[Round "6.10"]
[White "Subhayan Kundu"]
[Black "Neelotpal, Das"]
[Result "1/2-1/2"]
[WhiteElo "2354"]
[BlackElo "2409"]
[Annotator "NA"]
[PlyCount "84"]
[EventDate "2019.??.??"]
[EventCountry "IND"]
[SourceTitle "playchess.com"]
[Source "ChessBase"]
[SourceQuality "1"]
[TimeControl "5400+30"]

1. b3 {[%emt 0:00:00]} a5 {[%emt 0:00:15]} 2. c4 {[%emt 0:00:00]} e5 {[%emt 0:01:40]} 3. Bb2 {[%emt 0:01:30]} Nc6 {[%emt 0:00:06]} 4. e3 {[%emt 0:02:31]} Nf6 {[%emt 0:02:11]} 5. Nf3 {[%emt 0:02:29]} e4 {[%emt 0:12:53]} 6. Nd4 {[%emt 0:00:05]} Bc5 {[%emt 0:10:44]} 7. Nf5 {[%emt 0:12:55]} O-O {[%emt 0:01:24]} 8. Nc3 {[%emt 0:06:33]} Re8 {[%emt 0:18:21]} 9. d4 {[%emt 0:11:37]} ({White should try} 9. Nd5 $14 Ne5 10. Ng3) 9... exd3 {[%emt 0:02:05]} 10. Bxd3 $11 {[%emt 0:00:21]} Bf8 {[%emt 0:03:34]} (10... a4 $5) 11. O-O {[%emt 0:16:15]} g6 {[%emt 0:01:10]} 12. Ng3 {[%emt 0:01:13]} Bg7 {[%emt 0:00:30]} 13. Bc2 {[%emt 0:03:24]} d6 {[%emt 0:00:57]} 14. Qd2 {[%emt 0:00:37]} Nb4 {[%emt 0:02:41]} 15. Rad1 {[%emt 0:02:29]} Nxc2 {[%emt 0:12:50]} 16. Qxc2 {[%emt 0:00:02]} Qe7 {[%emt 0:00:14]} 17. Rfe1 {[%emt 0:00:46]} h5 {[%emt 0:02:10]} 18. f3 {[%emt 0:09:29]} Bd7 {[%emt 0:03:09]} 19. e4 {[%emt 0:01:04]} Bc6 {[%emt 0:02:04]} 20. Nf1 {[%emt 0:01:27]} a4 {[%emt 0:07:43]} 21. b4 {[%emt 0:02:17]} a3 {[%emt 0:00:55]} 22. Ba1 {[%emt 0:00:07]} h4 {[%emt 0:01:22]} 23. Ne3 {[%emt 0:00:40]} b6 {[%emt 0:00:56]} 24. Qf2 {[%emt 0:02:53]} h3 {[%emt 0:01:00]} 25. g3 {[%emt 0:00:53]} Rac8 {[%emt 0:05:02]} 26. Qf1 {[%emt 0:01:29]} Qe6 {[%emt 0:01:52]} 27. Ne2 {[%emt 0:02:25]} Ba4 {[%emt 0:02:23]} 28. Nf4 {[%emt 0:00:37]} Qd7 {[%emt 0:00:19]} 29. Rd2 {[%emt 0:01:17]} b5 {[%emt 0:00:44]} 30. c5 {[%emt 0:02:02]} Qc6 {[%emt 0:00:08]} 31. Rc1 {[%emt 0:01:57]} Rcd8 {[%emt 0:01:10]} 32. Qxh3 {[%emt 0:05:02]} dxc5 {[%emt 0:01:01]} 33. Rxd8 {[%emt 0:00:19]} Rxd8 {[%emt 0:00:08]} 34. Rxc5 {[%emt 0:00:06]} Qb6 {[%emt 0:00:32]} 35. Ned5 {[%emt 0:01:58]} Nxd5 {[%emt 0:01:45]} 36. Bxg7 {[%emt 0:00:11]} Kxg7 {[%emt 0:00:22]} 37. Nxd5 {[%emt 0:00:02]} Qd6 {[%emt 0:00:40]} 38. Qf1 {[%emt 0:04:32]} c6 {[%emt 0:00:34]} 39. Qa1+ {[%emt 0:00:31]} f6 {[%emt 0:00:07]} 40. Nc3 {[%emt 0:04:00]} Qd4+ {[%emt 0:00:29]} 41. Kg2 {[%emt 0:00:04]} Qxb4 {[%emt 0:01:30]} 42. Nxa4 {[%emt 0:00:55]} Qd2+ {Nc3} 1/2-1/2

[Event "39th IND-chT 2019"]
[Site "Kolkata"]
[Date "2019.02.10"]
[Round "7.1"]
[White "Ganguly, Surya Shekhar"]
[Black "Karthikeyan, P.."]
[Result "1-0"]
[WhiteElo "2636"]
[BlackElo "2451"]
[Annotator "TA"]
[PlyCount "77"]
[EventDate "2019.??.??"]
[EventCountry "IND"]
[SourceTitle "playchess.com"]
[Source "ChessBase"]
[SourceQuality "1"]

{[%evp 11,77,29,16,-4,0,0,0,0,14,16,8,0,20,0,21,27,39,49,58,53,59,13,13,13,13,24,23,13,13,29,44,39,68,46,56,62,45,33,77,78,78,73,78,72,124,118,127,90,165,206,220,194,206,213,204,195,346,367,343,325,471,464,559,529,729,668,1917,1865]} 1. c4 c5 2. Nf3 Nc6 3. d4 cxd4 4. Nxd4 Nf6 5. Nc3 e6 6. g3 Qb6 7. Nf3 {A33: Symmetrical English: 2 Nf3 Nf6 3 d4 cxd4 4 Nxd4 e6 5 Nc3 Nc6} Bc5 8. e3 d5 9. a3 {The position is equal.} dxc4 10. Bxc4 Be7 11. b4 O-O $146 ({Predecessor:} 11... Qc7 12. Nb5 Qb8 13. Bb2 O-O 14. O-O Rd8 {0-1 (64) Ganguly,S (2615)-Vidit,S (2702) Kolkata 2018}) 12. Bb2 Qc7 13. Rc1 Rd8 14. Qe2 a6 15. O-O Bd7 16. e4 Ng4 17. Bb3 Bf6 18. Na4 {Hoping for e5!} Bxb2 19. Qxb2 Be8 20. Nc5 {And now Nxe6! would win.} Qe7 21. h3 Nh6 22. Rfe1 b6 23. Na4 $36 {[%mdl 2048] White has the initiative.} Rab8 24. Re3 a5 25. b5 Na7 26. Bc4 Kh8 27. Bf1 f6 ({Better is} 27... Qb7) 28. e5 $16 f5 29. Nd4 Nf7 (29... f4 $16 {might work better.} 30. Rf3 (30. gxf4 Rxd4 {[%mdl 64] Decoy} 31. Qxd4 Nf5 $16) 30... fxg3) 30. Bg2 Ng5 31. h4 Ne4 32. Bxe4 fxe4 33. Rxe4 Qb7 $2 (33... h6 34. Qb3 Bg6) 34. Rf4 $18 {[%cal Rf4f8] [#]} Bd7 35. Qb3 Rbc8 (35... Rf8 {is a better defense.} 36. Rxf8+ (36. Nxe6 Rxf4 37. Nxf4 Bxb5 $18) 36... Rxf8) 36. Rxc8 {White is clearly winning.} Rxc8 37. Kh2 Qc7 38. Nxe6 Qxe5 39. Ng5 {Accuracy: White = 75%, Black = 51%.} 1-0

[Event "39th IND-chT 2019"]
[Site "Kolkata"]
[Date "2019.02.10"]
[Round "7.2"]
[White "Swapnil, S. Dhopade"]
[Black "Aravindh, Chithambaram VR."]
[Result "1/2-1/2"]
[WhiteElo "2488"]
[BlackElo "2601"]
[Annotator "TA"]
[PlyCount "34"]
[EventDate "2019.??.??"]
[EventCountry "IND"]
[SourceTitle "playchess.com"]
[Source "ChessBase"]
[SourceQuality "1"]

{[%evp 11,34,0,13,1,0,8,31,12,28,0,16,-8,0,0,3,9,0,0,0,0,0,0,0,0,18]} 1. Nf3 g6 2. d4 Bg7 3. g3 Nf6 4. Bg2 O-O 5. O-O d5 6. c3 Bf5 7. Qb3 {D02: 1 d4 d5 2 Nf3 sidelines, including 2...Nf6 3 g3 and 2...Nf6 3 Bf4} Qc8 8. c4 dxc4 9. Qxc4 {White is slightly better.} Be6 10. Qc5 $146 ({Predecessor:} 10. Qc2 Nc6 11. Nc3 Rd8 12. Rd1 Nb4 13. Qa4 c5 14. dxc5 Rxd1+ 15. Nxd1 {0-1 (41) Praggnanandhaa,R (2429)-Artemiev,V (2665) Bhubaneswar 2016}) 10... Nc6 {The position is equal.} 11. e3 Nd7 12. Qc2 Nb6 13. Bd2 Bf5 14. Qb3 Be6 15. Qc2 Bf5 16. Qb3 Be6 17. Qc2 Bf5 1/2-1/2

[Event "39th IND-chT 2019"]
[Site "Kolkata"]
[Date "2019.02.10"]
[Round "7.3"]
[White "Gopal G.N."]
[Black "Krishna C R G"]
[Result "1-0"]
[WhiteElo "2594"]
[BlackElo "2476"]
[Annotator "TA"]
[PlyCount "98"]
[EventDate "2019.??.??"]
[EventCountry "IND"]
[SourceTitle "playchess.com"]
[Source "ChessBase"]
[SourceQuality "1"]

{[%evp 18,98,25,21,89,44,35,35,43,39,59,43,44,54,54,56,85,101,93,100,101,71,129,136,131,118,151,158,151,127,124,136,198,199,187,193,186,187,261,268,275,303,291,274,262,251,266,252,257,248,351,340,347,341,328,245,327,314,352,344,398,384,369,373,480,477,466,450,464,462,566,560,1107,1104,1040,1075,1059,963,1298,1269,1289,1245,29981]} 1. e4 e6 2. d4 d5 3. Nd2 Nf6 4. e5 Nfd7 5. Bd3 c5 6. c3 Nc6 7. Ngf3 g6 8. h4 h6 {C06: French Tarrasch: 3...Nf6 4 e5 Nfd7 5 Bd3 main lines} 9. Qe2 cxd4 (9... Bg7 10. a3 a5 11. Qe3 b6 12. Nf1 Ba6 13. Bxa6 Rxa6 14. N1h2 Ra7 15. Ng4 a4 16. Qf4 {0-1 (53) Guseinov,G (2646)-Socko,B (2593) Riadh 2017}) 10. cxd4 {LiveBook: 5 Games} Nb6 (10... Nb4 $11 {remains equal.}) 11. Nb1 Nb4 12. Nc3 Nxd3+ 13. Qxd3 Bd7 14. b3 Nc8 $146 ({Predecessor:} 14... Rc8 15. O-O Be7 16. a4 {1-0 (30) Ducarmon,Q (2479)-Kenneskog,T (2285) Barcelona 2014}) 15. h5 g5 16. Nh2 $36 {[%mdl 2048] White fights for an advantage.} Ne7 17. Ng4 {[%cal Rg4f6] [#]} Bg7 18. a4 Qb6 19. Ne2 Qa6 ({Black should play} 19... Rc8) 20. Qxa6 $16 bxa6 21. Ba3 Rb8 22. Rh3 Nc6 23. Kd2 Na5 24. Nc1 Bf8 (24... Nc6 $16 {was worth a try.}) 25. Nf6+ $18 Kd8 26. Bxf8 Rxf8 27. Rc3 Ke7 (27... Rh8 $142 28. Ke3 Rb4) 28. Rc7 {[%csl Gf6][%cal Rc7d7] [#]} Rb7 29. Rxb7 Nxb7 30. Ra2 Na5 31. Rc2 Nc6 32. Rc5 Kd8 33. Kc3 Ne7 (33... Nb8 {keeps fighting.} 34. Nd3 Bc6) 34. Nd3 Bc6 35. Kd2 Kc7 36. Rc3 Rh8 37. g4 a5 38. Ke3 Kb6 39. f4 gxf4+ 40. Kxf4 Ng8 41. Rc1 {White is clearly winning.} Ne7 42. Ne1 Rb8 43. Nf3 Ka6 44. Rc3 Rb4 45. g5 hxg5+ 46. Kxg5 Rb8 47. h6 {[%cal Bh5h6,Bh6h7][%mdl 32]} Kb6 48. h7 Rh8 49. Nh4 Ng8 {Precision: White = 88%, Black = 31%.} 1-0

[Event "39th IND-chT 2019"]
[Site "Kolkata"]
[Date "2019.02.10"]
[Round "7.4"]
[White "Deepan Chakkravarthy J."]
[Black "Karthikeyan, Murali"]
[Result "1/2-1/2"]
[WhiteElo "2532"]
[BlackElo "2560"]
[Annotator "TA"]
[PlyCount "103"]
[EventDate "2019.??.??"]
[EventCountry "IND"]
[SourceTitle "playchess.com"]
[Source "ChessBase"]
[SourceQuality "1"]

{[%evp 24,103,28,24,27,14,20,0,0,0,12,10,11,11,8,9,4,0,6,0,0,0,6,0,0,0,0,0,0,0,0,0,0,0,0,0,8,0,0,0,0,0,0,0,0,0,0,0,0,0,0,0,0,0,0,0,0,-727,-75,-75,-75,-75,-75,-75,-75,-75,-75,-75,-75,-75,0,0,0,0,0,0,0,0,0,0,0,0]} 1. Nf3 Nf6 2. d4 d5 3. c4 e6 4. Nc3 Be7 5. Bg5 O-O 6. e3 Nbd7 7. Qc2 c5 8. cxd5 Nxd5 9. Bxe7 Qxe7 10. Nxd5 exd5 11. Bd3 g6 12. dxc5 Nxc5 13. O-O Bg4 {D62: Queen's Gambit Declined: Classical: 7 Qc2 c5 8 cxd5} 14. Be2 Rac8 15. Rfc1 $146 ({Predecessor:} 15. Qd1 Qf6 16. Nd4 Bxe2 17. Qxe2 Ne6 18. Rad1 Rc4 19. Nxe6 fxe6 20. b3 Rc5 21. e4 {½-½ (62) Nezar,M (2315)-Renet,O (2510) France 2000}) 15... Qf6 16. Qd2 Ne4 17. Qd4 Bxf3 18. Qxf6 Nxf6 19. Bxf3 Rfd8 20. Kf1 Kf8 21. Ke1 Ke7 22. Bd1 Nd7 23. Rxc8 Rxc8 $11 {[%mdl 4096] Endgame KRB-KRN} 24. Bb3 Nb6 25. Rd1 Rc5 26. Ke2 a5 {[#] Threatens to win with ...a4.} 27. a4 f5 28. Rd4 Kd6 29. Kd2 Rc7 30. h4 Re7 31. f3 Kc5 32. Kd3 Rd7 33. Kc3 Re7 34. Kd3 Rd7 35. g4 fxg4 36. Rxg4 Nc4 37. Bxc4 dxc4+ {KR-KR} 38. Kc2 $1 Re7 39. Rg5+ Kb4 40. Rb5+ (40. e4 $11) 40... Kxa4 $17 41. Rb6 Rxe3 {aiming for ...Rb3.} 42. Rxb7 {[#]} h5 $1 43. Rb6 Rxf3 {Hoping for ...Rh3.} 44. Rxg6 Rh3 45. Rg5 Rxh4 {Strongly threatening ...Kb4.} 46. Kc3 Rh1 (46... Rh2 $17 47. Rd5 h4) 47. Kxc4 $11 {The position is equal.} Rc1+ 48. Kd3 h4 49. Rh5 $1 Rd1+ 50. Kc3 $1 {White threatens b3+ and mate.} Rc1+ 51. Kd3 Rh1 {White must now prevent ...Kb4.} 52. Kc4 $1 {Accuracy: White = 70%, Black = 94%.} 1/2-1/2

[Event "39th IND-chT 2019"]
[Site "Kolkata"]
[Date "2019.02.10"]
[Round "7.5"]
[White "Bakre, Tejas"]
[Black "Vignesh N R"]
[Result "1/2-1/2"]
[WhiteElo "2443"]
[BlackElo "2473"]
[Annotator "TA"]
[PlyCount "36"]
[EventDate "2019.??.??"]
[EventCountry "IND"]
[SourceTitle "playchess.com"]
[Source "ChessBase"]
[SourceQuality "1"]

{[%evp 14,36,14,14,63,58,69,62,68,64,77,25,47,8,41,24,52,50,70,24,20,-173,-173,-186,-182]} 1. d4 d5 2. Bf4 c5 3. e3 Nc6 4. c3 Nf6 5. Nd2 e6 6. Ngf3 Bd6 7. Bg3 Qe7 8. Ne5 Bxe5 {D02: 1 d4 d5 2 Nf3 sidelines, including 2...Nf6 3 g3 and 2...Nf6 3 Bf4} 9. dxe5 Nd7 10. f4 (10. Bb5 O-O 11. Bxc6 bxc6 12. c4 Nb6 13. b3 a5 14. O-O a4 15. Qc2 axb3 16. axb3 {1-0 (47) Kamsky,G (2676)-Popov,I (2609) Sochi 2017}) 10... f6 {White is slightly better.} 11. exf6 Nxf6 12. Bb5 $146 (12. e4 $16) ({Predecessor:} 12. Nf3 O-O 13. Be2 Bd7 14. O-O Be8 15. Bh4 Qc7 16. Ng5 {1-0 (60) Danielian,E (2413)-Mammadova,G (2357) Riadh 2017}) 12... Bd7 13. O-O (13. e4 $5) 13... a6 14. Ba4 b5 15. Bc2 e5 16. Bh4 O-O 17. g4 $2 {[#]} (17. Nf3 $11 {and White stays safe.}) 17... exf4 $19 18. exf4 Bxg4 {Accuracy: White = 34%, Black = 24%.} 1/2-1/2

[Event "39th IND-chT 2019"]
[Site "Kolkata"]
[Date "2019.02.10"]
[Round "7.6"]
[White "Shyam, Sundar M."]
[Black "Satyapragyan, Swayangsu"]
[Result "1/2-1/2"]
[WhiteElo "2512"]
[BlackElo "2381"]
[Annotator "TA"]
[PlyCount "69"]
[EventDate "2019.??.??"]
[EventCountry "IND"]
[SourceTitle "playchess.com"]
[Source "ChessBase"]
[SourceQuality "1"]

{[%evp 26,69,0,20,47,16,10,0,0,-10,6,-23,-25,-24,-28,-20,-28,-27,0,-25,13,0,-1,-37,-28,-35,-11,-41,-37,-81,-80,-60,46,33,52,0,0,-51,-44,-62,-60,-52,-66,-70,-57,-64]} 1. e4 e5 2. Nf3 Nc6 3. Bb5 a6 4. Ba4 Nf6 5. O-O Be7 6. Re1 b5 7. Bb3 d6 8. c3 O-O 9. d4 Bg4 10. d5 Na5 11. Bc2 c6 12. h3 Bxf3 13. Qxf3 cxd5 14. exd5 Qc7 {C91: Closed Ruy Lopez: 7...d6 8 c3 0-0 9 d4} 15. Nd2 g6 16. Nf1 Rfc8 {[#] The position is equal.} 17. Bd3 $146 ({Predecessor:} 17. Ne3 Ne8 18. Nf5 Bf6 19. Nh6+ Kf8 20. g3 Bg7 21. h4 Nf6 22. Bg5 {½-½ (38) McShane,L (2546)-Nikolic,P (2661) Selfoss 2002}) 17... Rab8 18. Bh6 Nc4 19. Re2 Kh8 20. g4 Ng8 21. Bc1 Rf8 22. Ng3 Qd8 23. b3 Nb6 24. Kh1 Bg5 25. Bb2 Nf6 26. Rd1 Nbxd5 27. Ne4 Nxe4 28. Bxe4 Nf6 (28... Nf4 $15 29. Red2 f5 30. gxf5 gxf5) 29. Ba3 $1 $14 Nxe4 30. Qxe4 (30. Rxe4 $14 Rb6 {[#]} 31. Rxe5 $1 {[%mdl 512]}) 30... Be7 $11 31. Qd5 (31. c4 $11) 31... Kg8 $36 {[%mdl 2048] Black is slightly better. Black has the initiative.} 32. Rd3 {[%cal Ra3d6]} Qa5 33. Bb4 Qb6 34. f4 a5 35. Bxd6 {Accuracy: White = 24%, Black = 58%.} 1/2-1/2

[Event "39th IND-chT 2019"]
[Site "Kolkata"]
[Date "2019.02.10"]
[Round "7.9"]
[White "Nitin, S.."]
[Black "Barua, Dibyendu"]
[Result "*"]
[WhiteElo "2395"]
[BlackElo "2414"]
[Annotator "TA"]
[PlyCount "27"]
[EventDate "2019.??.??"]
[EventCountry "IND"]
[SourceTitle "playchess.com"]
[Source "ChessBase"]
[SourceQuality "1"]

{[%evp 13,27,-16,-15,-29,0,0,0,0,0,0,0,0,0,0,42,47]} 1. e4 e6 2. d4 d5 3. Nc3 Bb4 4. e5 c5 5. a3 Bxc3+ 6. bxc3 Ne7 7. h4 Qc7 8. Bd2 {C18: French: 3 Nc3 Bb4: Main line: 7 h4 and 7 Qg4} (8. h5 h6 9. Nf3 b6 10. a4 Ba6 11. Bb5+ Bxb5 12. axb5 a5 13. bxa6 Rxa6 14. Rxa6 Nxa6 15. Qd3 Nb8 16. O-O Nd7 17. Bf4 O-O 18. Ra1 {1-0 (41) Karjakin,S (2782)-So,W (2778) Paris 2018}) 8... b6 9. h5 h6 10. Qg4 {The position is equal.} Kf8 11. Bd3 Ba6 12. Nf3 Bxd3 13. cxd3 {[#]} c4 $146 ({Predecessor:} 13... Nbc6 14. O-O Kg8 15. dxc5 Nxe5 16. Nxe5 Qxe5 17. cxb6 axb6 {½-½ (51) Nitin,S (2422)-Sivuk,V (2550) Chennai 2018}) 14. Nh4 *

[Event "39th IND-chT 2019"]
[Site "Kolkata"]
[Date "2019.02.10"]
[Round "7.10"]
[White "Neelotpal, Das"]
[Black "Laxman, R.R."]
[Result "*"]
[WhiteElo "2409"]
[BlackElo "2417"]
[Annotator "TA"]
[PlyCount "28"]
[EventDate "2019.??.??"]
[EventCountry "IND"]
[SourceTitle "playchess.com"]
[Source "ChessBase"]
[SourceQuality "1"]

{[%evp 9,28,-4,10,-29,-23,-22,24,14,20,18,10,14,17,17,16,16,20,12,21,18,27]} 1. e4 e5 2. Bc4 Nf6 3. d3 c6 4. Nf3 d5 5. Bb3 a5 {[#] Threatens to win with ...a4.} 6. a3 {C24: Bishop's Opening: 2...Nf6} ({Wrong is} 6. Nxe5 $2 a4 $19) (6. a4 Bb4+ 7. c3 Bd6 8. Bg5 dxe4 9. dxe4 h6 10. Bh4 O-O 11. O-O Na6 12. Nbd2 Qe7 13. Nc4 Bc7 {½-½ (30) Karjakin,S (2760)-Wei,Y (2739) Medias 2017}) 6... Bd6 7. Nc3 {[%cal Re4d5]} dxe4 8. Ng5 {White has an edge.} O-O {The position is equal.} 9. Ncxe4 Nxe4 10. Nxe4 Bf5 11. Qf3 Bxe4 12. dxe4 Nd7 13. O-O Nc5 {[#]} 14. Ba2 $146 Qe7 *

[Event "39th IND-chT 2019"]
[Site "Kolkata"]
[Date "2019.02.10"]
[Round "8.1"]
[White "Nitin, S.."]
[Black "Ganguly, Surya Shekhar"]
[Result "1/2-1/2"]
[WhiteElo "2395"]
[BlackElo "2636"]
[Annotator "TA"]
[PlyCount "56"]
[EventDate "2019.??.??"]
[EventCountry "IND"]
[SourceTitle "playchess.com"]
[Source "ChessBase"]
[SourceQuality "1"]

{[%evp 21,56,16,32,0,0,-12,20,16,29,0,0,0,0,-8,0,0,0,0,28,33,28,25,44,-25,0,0,66,54,79,56,72,47,53,42,59,58,81]} 1. e4 c5 2. Nf3 e6 3. d4 cxd4 4. Nxd4 Nc6 5. Nb5 d6 6. c4 Nf6 7. N1c3 a6 8. Na3 Be7 9. Be2 O-O 10. O-O b6 11. Be3 Bb7 12. Qb3 {B44: Sicilian: Taimanov: 5 Nb5} Ne5 (12... Nd7 13. Rac1 Rb8 14. Rfd1 Nc5 15. Qc2 Nb4 16. Qd2 Qc8 17. b3 Rd8 18. Nab1 d5 19. Nxd5 exd5 20. Qxb4 dxe4 21. Qxb6 Nd3 22. Rc2 Bd5 23. Qa7 Bc6 24. Qxe7 {1-0 (24) Ivanchuk,V (2747)-Najer,E (2679) Doha 2016}) 13. f4 Ned7 14. Bf3 {Hoping for e5.The position is equal.} Qc7 15. Rfe1 $146 ({Predecessor:} 15. Qc2 Rac8 16. Rac1 Qb8 17. Rfe1 e5 18. f5 d5 19. exd5 Bxa3 20. bxa3 Rxc4 {½-½ (34) Traut,G (1967)-Sisak,R (1926) ICCF email 2017}) 15... Rac8 16. Rad1 Rfe8 17. Bf2 Qb8 18. Nab1 Bc6 19. a4 Bd8 20. Nd2 Bc7 21. Nf1 Nf8 22. Qc2 ({Better is} 22. Qa3 $14) 22... Ng6 23. g3 Qa8 (23... b5 $1 $11) 24. Qe2 Rcd8 25. h4 h6 26. h5 Nf8 {White is slightly better.} 27. g4 N6d7 28. Bh4 Rc8 {Accuracy: White = 42%, Black = 48%.} 1/2-1/2

[Event "39th IND-chT 2019"]
[Site "Kolkata"]
[Date "2019.02.10"]
[Round "8.2"]
[White "Aravindh, Chithambaram VR."]
[Black "Shyaamnikhil P"]
[Result "1-0"]
[WhiteElo "2601"]
[BlackElo "2428"]
[Annotator "TA"]
[PlyCount "91"]
[EventDate "2019.??.??"]
[EventCountry "IND"]
[SourceTitle "playchess.com"]
[Source "ChessBase"]
[SourceQuality "1"]

{[%evp 12,91,16,4,30,14,16,-12,0,-18,-25,-18,-13,-17,0,0,0,0,0,0,0,-37,0,0,0,0,0,0,0,-17,33,14,24,23,35,43,61,66,76,0,0,0,10,0,11,7,8,0,75,10,8,8,8,16,16,16,16,16,15,8,32,52,129,124,149,149,393,439,337,337,1103,443,400,400,1018,783,679,732,675,360,381,370]} 1. e4 c5 2. Nf3 d6 3. d4 Nf6 4. Nc3 cxd4 5. Nxd4 a6 6. h3 e5 7. Nb3 Nbd7 {B90: Sicilian Najdorf: Unusual White 6th moves, 6 Be3 Ng4 and 6 Be3 e5} (7... Be6 8. f4 exf4 9. Bxf4 Nc6 10. Qe2 Be7 11. O-O-O Qc7 12. g4 O-O 13. g5 Nd7 14. Qe3 Rac8 15. Kb1 {1-0 (60) Van Foreest,J (2612)-Nepomniachtchi,I (2763) Wijk aan Zee 2019}) 8. g4 h6 $1 9. Bg2 b5 {[%cal Bb7b5,Bb5b4][%mdl 32] The position is equal.} 10. a4 b4 $1 {[%cal Rb4c3]} 11. Nd5 Nxd5 12. Qxd5 Qc7 13. O-O $146 (13. Qxa8 $2 Nb6 $19) ({Predecessor:} 13. Bd2 Bb7 14. Qa5 Qxc2 15. Qxb4 {0-1 (27) Eggleston,D (2389)-Gascon del Nogal,J (2479) Sitges 2017}) 13... Bb7 14. Qa5 Rc8 15. Bd2 Qb8 16. Bxb4 Be7 {...Bd8 is the strong threat.} 17. Ba3 $1 h5 18. Qb4 $36 {[%mdl 2048] White has good play.} hxg4 19. hxg4 Nf6 20. Rad1 Rc7 21. Na5 Qc8 22. Nxb7 Rxb7 23. Qc3 Qxc3 24. bxc3 Nxg4 25. Bxd6 (25. Rb1 $16 Rd7 26. Rb6) 25... Rh6 $11 26. Bxe7 Kxe7 27. Rd5 Rc7 28. Rb1 Rg6 29. c4 Rgc6 (29... Rxc4 $11 30. Rb7+ Kf6) 30. Bh3 (30. a5 $16) 30... Rg6 {Threatens to win with ...Ne3+.} 31. Kf1 {Black must now prevent c5.} Rxc4 32. Rb7+ Kf6 33. Bxg4 Rxg4 {[%mdl 4096] Endgame KRR-KRR} 34. Rd6+ Kg5 35. Rxf7 g6 36. Rff6 Kh5 {[#]} (36... Rgxe4 $14 37. Rxg6+ (37. Rxa6 Rf4 $14) 37... Kh5) 37. f3 $1 $16 {[%cal Rf3g4]} (37. Rxa6 $6 Rxc2 38. a5 Ra2 $11) 37... Rg3 {[#]} 38. Kf2 $1 {[%cal Rf2g3]} ({Don't take} 38. Rxa6 $6 Rxc2 39. Rad6 Rh3 $11) 38... Kh4 $2 (38... Rg5 $16 {was called for.}) 39. Rc6 $18 Rd4 40. Rfd6 ({Not} 40. Rxa6 Rd2+ 41. Kf1 Rh3 $11) 40... Rxa4 $2 (40... Rxd6 41. Rxd6 Rh3) 41. Rxa6 (41. Rd7 $142) 41... Rc4 42. Rac6 Ra4 (42... Rxc6 $142 43. Rxc6 Kh3) 43. Rc8 Rg5 44. Rd1 {[%cal Rd1h1]} Rh5 45. Rc5 Ra2 46. Rg1 {Accuracy: White = 58%, Black = 44%.} 1-0

[Event "39th IND-chT 2019"]
[Site "Kolkata"]
[Date "2019.02.10"]
[Round "8.3"]
[White "Das, Arghyadip"]
[Black "Karthikeyan, Murali"]
[Result "0-1"]
[WhiteElo "2445"]
[BlackElo "2560"]
[Annotator "TA"]
[PlyCount "84"]
[EventDate "2019.??.??"]
[EventCountry "IND"]
[SourceTitle "playchess.com"]
[Source "ChessBase"]
[SourceQuality "1"]

{[%evp 14,84,21,5,8,35,24,27,31,25,14,16,17,16,24,0,0,0,0,0,0,0,0,-29,-22,-17,0,-30,-20,-32,-22,-22,-17,-22,-13,-18,-7,-14,-16,-120,-120,-137,-127,-110,-117,-87,-68,-187,-112,-105,-11,-75,-62,-79,-88,-289,-289,-289,-289,-289,-289,-289,-289,-282,-275,-275,-275,-435,-424,-444,-422,-495,-488]} 1. e4 e5 2. Nf3 Nc6 3. Bc4 Nf6 4. Ng5 d5 5. exd5 Na5 6. Bb5+ Bd7 7. Qe2 Be7 8. Nc3 Bxb5 {C58: Two Knights: 4 Ng5 d5 5 exd5 Na5 sidelines} 9. Qxb5+ {[%mdl 64] Double Attack} c6 10. dxc6 Nxc6 {White has an edge.} 11. O-O (11. Nf3 O-O 12. d3 Nd4 13. Nxd4 exd4 14. Ne2 Rc8 15. Qb3 Qa5+ 16. Bd2 {½-½ (24) Short,N (2683)-Postny,E (2606) Kishinev 2017}) 11... O-O 12. Qe2 Nd4 13. Qd1 Rc8 14. d3 b5 {[%cal Bb7b5,Bb5b4][%mdl 32]} 15. Be3 $146 ({Predecessor:} 15. a3 a5 16. Be3 {1-0 (67) Grimm,D (2252)-Lyell,M (2294) Budapest 2014}) 15... b4 16. Bxd4 $1 Qxd4 17. Na4 Rfd8 18. Re1 Ng4 19. Nh3 f5 20. Qe2 Bf6 21. Rad1 Qd7 $36 {[%mdl 3072] Black has compensation. Black is pushing.} 22. b3 Qd4 23. Kh1 Rd6 24. f3 Nh6 25. Rd2 Nf7 26. g4 (26. g3 $11 {keeps the balance.}) 26... Ng5 $1 $17 {[%cal Rg5h3]} 27. Qg2 Nxh3 28. Qxh3 Bg5 $1 {[%cal Rg5d2]} 29. Rde2 Rh6 30. Qf1 ({White must play} 30. Qg2 $1 $15) 30... fxg4 (30... Bh4 $1 $19 {[%cal Rh4e1]} 31. Rxe5 Bxe1 32. Qxe1 Kf7) 31. fxg4 {[#]} Qxg4 (31... Bh4 $1 $17 {aiming for ...Rf6.} 32. Rb1 Qxg4) 32. Rg2 {[#]} (32. Qg2 $11 {remains equal.} Qxg2+ 33. Rxg2) 32... Qh3 $1 33. Qe2 Bf4 34. Nb2 $2 {[#]} (34. Reg1 $17) 34... Bxh2 $1 $19 {[%mdl 576] Decoy} 35. Rxh2 Qxh2+ 36. Qxh2 Rxh2+ 37. Kxh2 {And now Nc4 would win.} Rxc2+ {[%mdl 64] Double Attack} 38. Kg3 {Threatens to win with Nc4.} Rxb2 39. Rxe5 Rxa2 {KR-KR} 40. Kf4 (40. Rb5 $142) 40... Ra3 {Black is clearly winning.} 41. d4 Rxb3 42. Re7 Rb1 {Accuracy: White = 38%, Black = 80%.} 0-1